000 00295nam a2200121Ia 4500
008 191201s2002 xx 000 0 und d
100 _aCHARNEY, CY
245 4 _aThe Sales Person's Handbook
260 _aN.Delhi
_bRupa and Co
_c2002
300 _a272
650 _aGeneral Books
942 _2ddc
_cBK
999 _c3371
_d3371